000 00981nam a2200301Ia 4500
003 OSt
005 20221005082923.0
006 a|||||r|||| 00| 0
007 ta
008 221004b |||||||| |||| 00| 0 eng d
020 _a0070596212
_c395
024 _a85325
037 _b11201, 29/03/2006, Govinda Book House
_cTextual
040 _aCRL
_cCRL
_beng
041 _2eng
_aeng
082 _aX6.73,d, P4
100 _aSaunders Anthony
245 0 _aFinancial markets and institutions
_b A modern perspective
250 _a2nd
260 _aNew Delhi
_bTata McGraw-Hill Publishing Company Limited India
_c2004
300 _a680p.
_ccm.
490 _aMcGraw-Hill/Irwin Series in Finance, Insurance and Real Estate
650 _a ECONOMICS
650 _aFINANCE
700 _a Cornett Marcia Millon
_9476131
942 _hX6.73,d, P4
_cTEXL
_2cc
999 _c990066
_d990066